| 000 | 00632nam a22002177a 4500 | ||
|---|---|---|---|
| 999 |
_c15555 _d15555 |
||
| 003 | OSt | ||
| 005 | 20210610093028.0 | ||
| 008 | 151102b xxu||||| |||| 00| 0 eng d | ||
| 020 | _a9.7803215964e+012 | ||
| 040 |
_cMMU _aMMU _beng _dMMU |
||
| 050 | _aRC 49 .M522 2010 | ||
| 245 | _aMind\body health the effect of attitudes,emotions and relationships / | ||
| 250 | _a4th ed. | ||
| 260 |
_aNewYork : _bBenjamin cummings, _c2010. |
||
| 300 | _axv, 591 p. : | ||
| 500 | _aIncludes index | ||
| 650 | _a_mind body health | ||
| 700 | _a_N.Lee Smith | ||
| 942 |
_2lcc _cLOAN LOAN _e4th ed. |
||
| 980 | _a^d20110711 11:07:18^okorir | ||